000 01050cab a2200241 4500
001 E1844
008 090401t1993 xxu||||| |||| 00| 0 eng d
035 _a(Sirsi) u36003
041 _aeng
245 _aHyland v Castlemilk East Housing Co-operative Limited
260 _c1993
350 _a0
490 _aScottish Planning and Environmental Law
_v40 October 1993, 85-86(2)
520 _aThe Lands Tribunal for Scotland held that the claimant was not entitled to a disturbance payment since it had not been established that her move was a consequence of the carrying out of improvements to her house; it was as a result of her own free choice that the move was permanent and not merely temporary.
650 _aDISPUTED COMPENSATION
650 _aDISTURBANCE PAYMENTS
650 _aLAND COMPENSATION (SCOTLAND) ACT 1973
650 _aLANDS TRIBUNAL FOR SCOTLAND
650 _aSCOTLAND
690 _aENVIRONMENTAL AND LAND CONSULTANCY-PLANNING AND DEVELOPMENT-COMPULSORY PURCHASE AND COMPENSATION
942 _n0
948 _c04/03/1997
999 _c23520
_d23520